00540nam a2200157Ia 4500008004100000100001400041245017000055260001100225300002200236440003500258521001000293650001600303650002300319650002400342650001600366140626s9999 xx 000 0 und d aAbela, J. aRumination as a vulnerability factor to depression during the transition from early to middle adolescence :ba multiwave longitudinal study /cJ. Abela ... [et al.]. cc2011. a120 : 2, page 259 aJournal of Abnormal Psychology aPSYCH aDepression. aEarly adolescence. aMiddle adolescence. aRumination.